Analýza vlastností koncového stupňa PLC modemu

Gespeichert in:
Bibliographische Detailangaben
1. Verfasser: Latka, Rudolf, 1988- (Verfasst von)
Weitere Verfasser: Podhoranský, Peter (Betreuung Doktorarbeit)
Format: Manuskript Buch
Sprache:Slowakisch
Veröffentlicht: Bratislava : STU v Bratislave FEI, 2010
Schlagworte:
Online-Zugang:VAIS
Tags: Tag hinzufügen
Keine Tags, Fügen Sie das erste Tag hinzu!

MARC

LEADER 00000ntm a22000003a 4500
001 stu209282
005 20160526113641.2
008 100818s2010------------------------slo-d
040 |a STU  |b slo 
041 0 |a slo 
100 1 |a Latka, Rudolf,  |d 1988-  |4 aut  |u E  |T FEI Fakulta elektrotechniky a informatiky  |X 49916  |U E  |Y 30  |7 A000049916 
242 0 0 |a The analysis of the output stage of the PLC modem properties  |y eng 
245 1 |a Analýza vlastností koncového stupňa PLC modemu 
260 |a Bratislava :  |b STU v Bratislave FEI,  |c 2010 
300 |a 37 s 
650 7 |a Telekomunikácie  |2 stusub 
650 7 |a modemy  |2 stusub 
650 7 |a PLC  |2 stusub 
700 1 |a Podhoranský, Peter  |4 ths  |u E030  |U FEI Fakulta elektrotechniky a informatiky  |T FEI Ústav elektroniky a fotoniky  |X 1906  |U E030  |Y 549  |7 A000001906 
856 4 |a info a plný text  |u http://is.stuba.sk/zp/portal_zp.pl?podrobnosti=48862  |3 VAIS 
996 |b 284ER00070  |c E*Bc-70  |l EE16  |s P  |a 0  |w stu209282_0001